header

Oil sands, heavy oil, & bitumen (Record no. 68817)

MARC details
000 -LEADER
fixed length control field 01262nam a2200337Ia 4500
082 04 - DEWEY DECIMAL CLASSIFICATION NUMBER
Classification number 665/.4
100 1# - MAIN ENTRY--AUTHOR NAME
Personal name Banerjee, Dwijen K.
245 10 - TITLE STATEMENT
Title Oil sands, heavy oil, & bitumen
260 ## - PUBLICATION, DISTRIBUTION, ETC. (IMPRINT)
Place of publication Tulsa, Okla. :
Name of publisher PennWell Corp.,
Year of publication c2012.
300 ## - PHYSICAL DESCRIPTION
Number of Pages xvii, 185 p. :
Other physical details ill., maps.
650 #0 - SUBJECT ADDED ENTRY--TOPICAL TERM
Topical Term Oil sands.
Topical Term Heavy oil.
Topical Term Bitumen.
Topical Term Enhanced oil recovery.
856 40 - ELECTRONIC LOCATION AND ACCESS
Uniform Resource Identifier http://site.ebrary.com/lib/rucke/Doc?id=10626937

No items available.

© 2026 Rongo University
Contact us: librarian | system librarian | Rongo university